Plant Biotechnology (Record no. 5217)

MARC details
000 -LEADER
fixed length control field 00381nam a22001697a 4500
005 - DATE AND TIME OF LATEST TRANSACTION
control field 20170909122953.0
008 - FIXED-LENGTH DATA ELEMENTS--GENERAL INFORMATION
fixed length control field 160905b xxu||||| |||| 00| 0 eng d
020 ## - INTERNATIONAL STANDARD BOOK NUMBER
ISBN 978-93-5078-100-5
041 ## - LANGUAGE CODE
Language code of text/sound track or separate title eng
082 ## - DEWEY DECIMAL CLASSIFICATION NUMBER
Classification number 630
100 ## - MAIN ENTRY--AUTHOR NAME
Personal name Gupta,P.K
245 ## - TITLE STATEMENT
Title Plant Biotechnology
260 ## - PUBLICATION, DISTRIBUTION, ETC. (IMPRINT)
Name of publisher Rastogi
Year of publication 2016
300 ## - PHYSICAL DESCRIPTION
Number of Pages 659
650 ## - SUBJECT ADDED ENTRY--TOPICAL TERM
Topical Term Agricultural
942 ## - ADDED ENTRY ELEMENTS (KOHA)
Koha item type Books
Holdings
Lost status Damaged status Collection code Home library Current library Shelving location Date acquired Source of acquisition Cost, normal purchase price Full call number Accession Number Copy number Koha item type
    AGRICULTURE JRU Library JRU Library SHELF-46-C 05/09/2016 PURCHASE 475.00 630 21122 5 Books
    AGRICULTURE JRU Library JRU Library SHELF-46-C 05/09/2016 PURCHASE 475.00 630 21123 5 Books
    AGRICULTURE JRU Library JRU Library SHELF-46-C 05/09/2016 PURCHASE 475.00 630 21124 5 Books
    AGRICULTURE JRU Library JRU Library SHELF-46-C 05/09/2016 PURCHASE 475.00 630 21125 5 Books
    Reference JRU Library JRU Library SHELF-2-B 05/09/2016 PURCHASE 475.00 630 21121   Books